Hiszpański - języki, klasa - Statystyki

Ogólne statystyki
  • Ten quiz został rozwiązany 5 razy
  • Średni wynik to 16 z 61
Statystyki odpowiedzi
Hint Odpowiedź % Poprawnych
niemiecki (m) aleman
100%
hiszpański espańol
67%
francuski frances
67%
angielski ingles
67%
włoski italiano
67%
akwarela (f) acuarela
33%
uczeń, student (m) alumno
33%
zapisywać anotar
33%
zapisywać apuntar
33%
notatki (m) apuntes
33%
arabski arabe
33%
uwaga (f) atención
33%
klasa (m) aula
33%
nieobecny ausente
33%
długopis (m) boligrafo
33%
gąbka do tablicy, szkic, brudnopis (m) borrador
33%
kalkulator (f) calculadora
33%
chiński chino
33%
lekcja, klasa (grupa uczniów) (f) clase
33%
kolega z klasy (m) compańero de clase
33%
cyrkiel (m) compas
33%
poprawiać, naprawiać corregir
33%
zeszyt (m) cuaderno
33%
praca domowa (m) deberes
33%
słownik (m) diccionario
33%
ćwiczenie (m) ejercicio
33%
encyklopedia (f) enciclopedia
33%
uczeń, student (m) estudiante
33%
kserokopia (f) fotocopia
33%
zszywacz (f) grapadora
33%
hindi hindi
33%
harmonogram (m) horario
33%
japoński japones
33%
ołówek (m) lapiz
33%
lekcja (f) lección
33%
książka (m) libro
33%
tablica (f) pizarra
33%
portugalski portugues
33%
linijka (f) regla
33%
rosyjski ruso
33%
kreda (f) tiza
33%
turecki turco
33%
teczka (f) carpeta
0%
kredka świecowa (f) cera
0%
tablica (m) encerado
0%
piórnik (m) estuche
0%
kasetka, etui (f) funda
0%
globus (m) globo terraqueo
0%
gumka do ścierania (f) goma
0%
arkusz (f) hoja
0%
podręcznik (m) libro de texto
0%
reguła, zasada (f) norma
0%
kosz na śmieci (f) papelera
0%
klej w sztyfcie (m) pegamento en barra
0%
biała tablica (f) pizarra blanca
0%
korepetytor (m) profesor particular
0%
oceniać, sprawdzać revisar
0%
temperówka (m) sacapuntas
0%
zakreślacz (m) subrayador
0%
podkreślać subrayar
0%
mundurek szkolny (m) uniforme escolar
0%
Nie znaleziono quizów pasujących do podanych kryteriów
Rozkład punktacji
Procent ludzi z każdym wynikiem
Percentyl według liczby udzielonych odpowiedzi
Twoja historia wyników
Nie rozwiązałeś tego quizu